MARC details
| 000 -LEADER |
| campo de control de longitud fija |
01523nam a2200349 i 4500 |
| 001 - NÚMERO DE CONTROL |
| campo de control |
96118 |
| 003 - IDENTIFICADOR DE NÚMERO DE CONTROL |
| campo de control |
ES-MaACL |
| 005 - FECHA Y HORA DE LA ÚLTIMA TRANSACCIÓN |
| campo de control |
20251015135952.0 |
| 007 - CAMPO FIJO DE DESCRIPCIÓN FÍSICA--INFORMACIÓN GENERAL |
| campo de control de longitud fija |
t| |
| 008 - DATOS DE LONGITUD FIJA--INFORMACIÓN GENERAL |
| campo de control de longitud fija |
050610q1933 sp |||| | spa d |
| 040 ## - FUENTE DE CATALOGACIÓN |
| Centro/agencia transcriptor |
ES-MaACL |
| 100 1# - ENTRADA PRINCIPAL--NOMBRE DE PERSONA |
| Nombre de persona |
Diego-Madrazo, Enrique, |
| Fechas asociadas al nombre |
1850-1942 |
| 9 (RLIN) |
165773 |
| Término indicativo de función/relación |
Autor |
| 245 10 - MENCIÓN DEL TÍTULO |
| Título |
Conferencias dadas en el Ateneo de Madrid / |
| Mención de responsabilidad, etc. |
Enrique D. Madrazo. |
| 260 ## - PUBLICACIÓN, DISTRIBUCIÓN, ETC. |
| Lugar de publicación, distribución, etc. |
Madrid : |
| Nombre del editor, distribuidor, etc. |
[s.n., |
| Fecha de publicación, distribución, etc. |
1933?] |
| Fabricante |
(Imp. de G. Hernández y Galo Sáez) |
| 300 ## - DESCRIPCIÓN FÍSICA |
| Extensión |
305 páginas ; |
| Dimensiones |
19 cm. |
| 505 ## - NOTA DE CONTENIDO CON FORMATO |
| Nota de contenido con formato |
Eugenesia ; Papel social de la mujer ; Experimentación y pedagogía ; Teatro de Benavente y la crítica de su tiempo ; Galdós y Menéndez Pelayo |
| 530 ## - NOTA DISPONIBLE DE FORMULARIO FÍSICO ADICIONAL |
| Nota de formato físico adicional disponible |
Disponible en formato digital |
| 600 17 - PUNTO DE ACCESO ADICIONAL DE MATERIA--NOMBRE DE PERSONA |
| Nombre de persona |
Benavente, Jacinto, |
| Fechas asociadas al nombre |
1866-1954- |
| Subdivisión general |
Crítica e interpretación |
| 9 (RLIN) |
169710 |
| 600 14 - PUNTO DE ACCESO ADICIONAL DE MATERIA--NOMBRE DE PERSONA |
| Nombre de persona |
Pérez Galdós, Benito, |
| Fechas asociadas al nombre |
1843-1920- |
| Subdivisión general |
Crítica e interpretación |
| 9 (RLIN) |
90875 |
| 600 14 - PUNTO DE ACCESO ADICIONAL DE MATERIA--NOMBRE DE PERSONA |
| Nombre de persona |
Menéndez y Pelayo, Marcelino, |
| Fechas asociadas al nombre |
1856-1912- |
| Subdivisión general |
Crítica e interpretación |
| 9 (RLIN) |
80334 |
| 610 24 - PUNTO DE ACCESO ADICIONAL DE MATERIA--NOMBRE DE ENTIDAD CORPORATIVA |
| Nombre de entidad corporativa o nombre de jurisdicción como elemento de entrada |
Ateneo de Madrid- |
| Subdivisión de forma |
Conferencias- |
| Subdivisión cronológica |
1900-1939 |
| 9 (RLIN) |
1907 |
| 650 #4 - PUNTO DE ACCESO ADICIONAL DE MATERIA--TÉRMINO DE MATERIA |
| Término de materia o nombre geográfico como elemento de entrada |
Eugenesia. |
| 9 (RLIN) |
12606 |
| 650 #4 - PUNTO DE ACCESO ADICIONAL DE MATERIA--TÉRMINO DE MATERIA |
| Término de materia o nombre geográfico como elemento de entrada |
Mujeres- |
| Subdivisión general |
Situación social- |
| Subdivisión cronológica |
S.XX. |
| 9 (RLIN) |
167814 |
| 650 #7 - PUNTO DE ACCESO ADICIONAL DE MATERIA--TÉRMINO DE MATERIA |
| Término de materia o nombre geográfico como elemento de entrada |
Pedagogía |
| Fuente del encabezamiento o término |
embne |
| 9 (RLIN) |
15904 |
| 740 02 - ENTRADA AGREGADA--TÍTULO RELACIONADO/ANALÍTICO NO CONTROLADO |
| Título relacionado o analítico no controlado |
Papel social de la mujer. |
| 740 02 - ENTRADA AGREGADA--TÍTULO RELACIONADO/ANALÍTICO NO CONTROLADO |
| Título relacionado o analítico no controlado |
Experimentación y pedagogía. |
| 852 4# - LOCALIZACIÓN |
| Ubicación |
ES-MaACL |
| Ubicación en estantería |
Sala Pecera Planta 1 |
| Número de control de estantería |
A-1544 |
| 856 4# - LOCALIZACIÓN Y ACCESO ELECTRÓNICOS |
| Identificador Uniforme de Recursos |
<a href="https://bvpb.mcu.es/es/consulta/registro.do?id=577795">https://bvpb.mcu.es/es/consulta/registro.do?id=577795</a> |
| Texto de enlace |
(Biblioteca Virtual del Patrimonio Bibliográfico) |
| 942 ## - ELEMENTOS DE ENTRADA SECUNDARIOS (KOHA) |
| Tipo de ítem Koha |
Libro impreso |
| Suprimir en OPAC |
No |